000 00598nam a2200253Ia 4500
003 OSt
005 20221006155645.0
006 a|||||r|||| 00| 0
007 ta
008 221006b |||||||| |||| 00| 0 chi d
024 _a42,964
037 _cTextual
040 _aEASL
_cEASL
_bchi
041 _2chi
_achi
082 _aV41, K3
100 _aZhang Hu
_9669936
245 0 _aShanghai Zujie Lueshi
260 _aShanghai
_bChina
_c1963
300 _ap.
_ccm.
490 _v CCL
650 _aCCL
942 _hV41, K3
_cTEXL
_2CC
999 _c1111050
_d1111050